Meditations and contemplations : In two volumes. ... By James Hervey, ...

Bibliographic Details
Main Author: Hervey, James, 1714-1758
Format: eBook
Language:English
Edition:The eleventh edition. ..
Series:Eighteenth century collections online.
Online Access:Full text online

MARC

Tag First Indicator Second Indicator Subfields
LEADER 00000cam a2200000 4500
001 in00001908659
006 m | d |
007 cr |n||||||||n
008 860123s1753 enk|||| s 00||||eng d
005 20260406205819.6
035 |a (CStRLIN)ESTCN22005 
040 |a Cu-RivES  |c Cu-RivES  |d CStRLIN  |d Thomson Gale  |d UtOrBLW 
100 1 |a Hervey, James,  |d 1714-1758. 
245 1 0 |a Meditations and contemplations :  |b In two volumes. ... By James Hervey, ... 
250 |a The eleventh edition. .. 
264 3 |a London :  |b printed for John and James Rivington,  |c 1753. 
300 |a 2 volumes,plates ;  |c 8⁰. 
336 |a text  |b txt  |2 rdacontent 
337 |a computer  |b c  |2 rdamedia 
338 |a online resource  |b cr  |2 rdacarrier 
500 |a Reproduction of original from the Cambridge University Library. 
510 4 |a English Short Title Catalog,  |c ESTCN22005. 
533 |a Electronic reproduction.  |b Farmington Hills, Mich. :  |c Thomson Gale,  |d 2003.  |n Available via the World Wide Web.  |n Access limited by licensing agreements  |7 s2003 miunns 
500 |a Electronic resource. 
830 0 |a Eighteenth century collections online. 
856 4 0 |u http://proxy.library.tamu.edu/login?url=https://galenet.galegroup.com/servlet/ECCO?c=1&stp=Author&ste=11&af=BN&ae=N022005&tiPG=1&dd=0&dc=flc&docNum=CW122571590&vrsn=1.0&srchtp=a&d4=0.33&n=10&SU=0LRF&locID=txshracd2898  |z Full text online  |t 0 
999 |a MARS 
999 f f |s 3eebf70e-f154-39a3-a766-6a2bbf5c9d19  |i fa97a5e6-1785-3349-9f8f-4d5b03a21bc1  |t 0 
952 f f |a Texas A&M University  |b College Station  |c Electronic Resources  |s www_evans  |d Available Online  |t 0  |h No information provided 
998 f f |t 0  |l Available Online